[Event "SRB-chT2 West"]
[Site "Sabac"]
[Date "2014.09.26"]
[Round "3.2"]
[White "Tomic, Miroslav Lj"]
[Black "Radovanovic, Jovica"]
[Result "0-1"]
[WhiteElo "2176"]
[BlackElo "2284"]
[PlyCount "72"]
[EventDate "2014.09.25"]
[EventType "team-swiss"]
[EventRounds "6"]
[EventCountry "SRB"]
[SourceTitle "EXT 2015"]
[Source "ChessBase"]
[SourceDate "2014.11.20"]
[SourceVersion "1"]
[SourceVersionDate "2014.11.20"]
[SourceQuality "1"]

1. d4 Nf6 2. Nf3 g6 3. g3 Bg7 4. Bg2 0-0 5. 0-0 c5 6. c3 d5 7. Bf4 Qb6 8. Qb3 Nc6 9. Ne5 cxd4 10. Qxb6 axb6 11. Nxc6 bxc6 12. cxd4 Ne4 13. Be3 Nd6 14. Nd2 Nf5 15. Nb3 Ba6 16. Rfc1 Bb5 17. g4 Nxe3 18. fxe3 Bh6 19. Kf2 f5 20. gxf5 Rxf5+ 21. Bf3 e5 22. dxe5 Rxe5 23. Rc3 Rae8 24. a4 Bc4 25. e4 dxe4 26. Rxc4 exf3 27. exf3 Re2+ 28. Kg3 Rxb2 29. Nd4 c5 30. Rc2 Rxc2 31. Nxc2 Re2 32. Na3 Bg7 33. Rb1 Be5+ 34. f4 Re3+ 35. Kf2 Bd4 36. Nc2 Rc3+ 0-1

[Event "SRB-chT3 North"]
[Site "Serbia"]
[Date "2008.10.25"]
[Round "9.1"]
[White "Sajic, Velibor"]
[Black "Tomic, Miroslav Lj"]
[Result "1-0"]
[WhiteElo "2107"]
[BlackElo "2192"]
[PlyCount "61"]
[EventDate "2008.09.14"]
[EventType "team"]
[EventRounds "11"]
[EventCountry "SRB"]
[SourceTitle "EXT 2012"]
[Source "ChessBase"]
[SourceDate "2011.11.24"]
[SourceVersion "1"]
[SourceVersionDate "2011.11.24"]
[SourceQuality "1"]

1. d4 d5 2. c4 c6 3. Nf3 Nf6 4. Nc3 e6 5. e3 Bd6 6. Bd3 0-0 7. 0-0 Nbd7 8. e4 dxc4 9. Bxc4 e5 10. Bg5 Qc7 11. h3 h6 12. Be3 a6 13. a4 exd4 14. Nxd4 Ne5 15. Ba2 Ng6 16. Nde2 Re8 17. Qc2 Nh5 18. b4 Nhf4 19. Nxf4 Bxf4 20. Rfe1 Qe7 21. Bc5 Qg5 22. Kh1 Nh4 23. Rg1 Qh5 24. Qe2 Qe5 25. Qd3 Qh5 26. Ne2 Bc7 27. f4 Ng6 28. Rad1 Rxe4 29. Ng3 Qh4 30. Nxe4 Nxf4 31. Qg3 1-0

[Event "SRB-chT2"]
[Site "Golubac"]
[Date "2008.09.25"]
[Round "9"]
[White "Rajkovic, Aleksandar"]
[Black "Tomic, Miroslav Lj"]
[Result "1-0"]
[WhiteElo "2139"]
[BlackElo "2059"]
[PlyCount "107"]
[EventDate "2008.09.20"]
[EventType "team-tourn"]
[EventRounds "11"]
[EventCountry "YUG"]
[SourceTitle "EXT 2010"]
[Source "ChessBase"]
[SourceDate "2010.11.25"]
[SourceVersion "1"]
[SourceVersionDate "2010.11.25"]
[SourceQuality "1"]

1. Nf3 Nf6 2. c4 d5 3. cxd5 Nxd5 4. Nc3 c6 5. e4 Nb6 6. d4 Bg4 7. Be2 e6 8. 0-0 Be7 9. Be3 0-0 10. h3 Bh5 11. a4 N8d7 12. a5 Bxf3 13. Bxf3 Nc4 14. a6 Nxe3 15. fxe3 b6 16. e5 Rc8 17. Be4 Bg5 18. Rf3 Nb8 19. Qc2 h6 20. Raf1 Rc7 21. g3 Qc8 22. h4 Bd8 23. Bh7+ Kh8 24. Bg6 Kg8 25. Ne4 Qxa6 26. Nd6 f6 27. exf6 Bxf6 28. Ne8 Re7 29. Nxf6+ gxf6 30. Rxf6 Nd7 31. Bd3 Qc8 32. Rxh6 Rxf1+ 33. Bxf1 Nf8 34. Qe4 Qe8 35. Bc4 b5 36. Qg4+ Rg7 37. Bxe6+ Nxe6 38. Qxe6+ Qxe6 39. Rxe6 Rxg3+ 40. Kf2 Rg4 41. Rxc6 Rxh4 42. Kg3 Re4 43. Rc8+ Kf7 44. Rc7+ Ke6 45. Kf3 Rh4 46. Rxa7 Rh2 47. b4 Rb2 48. Ke4 Rxb4 49. Ra6+ Kd7 50. Kd5 Kc7 51. Kc5 Rb3 52. e4 b4 53. Rc6+ Kd7 54. Rb6 1-0

[Event "Belgrade Trophy 20th"]
[Site "Belgrade"]
[Date "2007.11.23"]
[Round "2"]
[White "Tomic, Miroslav Lj"]
[Black "Manolache, Marius"]
[Result "0-1"]
[WhiteElo "2231"]
[BlackElo "2513"]
[PlyCount "70"]
[EventDate "2007.11.22"]
[EventType "swiss"]
[EventRounds "9"]
[EventCountry "YUG"]
[SourceTitle "CBM 121 Extra"]
[Source "ChessBase"]
[SourceDate "2008.01.10"]
[SourceVersion "1"]
[SourceVersionDate "2008.01.10"]
[SourceQuality "1"]

1. d4 d6 2. Nf3 g6 3. g3 Bg7 4. Bg2 c6 5. 0-0 Nf6 6. c4 a6 7. h3 b5 8. Nbd2 0-0 9. Re1 bxc4 10. Nxc4 a5 11. Bd2 Ne4 12. Qc2 Nxd2 13. Qxd2 a4 14. Rac1 Be6 15. b4 axb3 16. axb3 h6 17. b4 Ra4 18. Nb2 Ra2 19. Ra1 Rxa1 20. Rxa1 Qb6 21. e3 Na6 22. Nd3 Bc4 23. Rc1 Bxd3 24. Qxd3 Nxb4 25. Qc4 Rb8 26. Nd2 d5 27. Qc5 Qxc5 28. Rxc5 e5 29. dxe5 Bxe5 30. e4 Bd4 31. Ra5 Bc3 32. Nb1 d4 33. Nxc3 dxc3 34. Rc5 c2 35. e5 Rd8 0-1

[Event "Belgrade Trophy 20th"]
[Site "Belgrade"]
[Date "2007.11.22"]
[Round "1"]
[White "Jovanovic, Nebojsa M"]
[Black "Tomic, Miroslav Lj"]
[Result "0-1"]
[WhiteElo "1874"]
[BlackElo "2231"]
[PlyCount "70"]
[EventDate "2007.11.22"]
[EventType "swiss"]
[EventRounds "9"]
[EventCountry "YUG"]
[SourceTitle "CBM 121 Extra"]
[Source "ChessBase"]
[SourceDate "2008.01.10"]
[SourceVersion "1"]
[SourceVersionDate "2008.01.10"]
[SourceQuality "1"]

1. d4 d5 2. c4 c6 3. Nc3 Nf6 4. e3 e6 5. Nf3 Bd6 6. Bd2 0-0 7. Rc1 Nbd7 8. Be2 dxc4 9. Bxc4 e5 10. 0-0 h6 11. h3 e4 12. Ne1 Nb6 13. Bb3 Bf5 14. f3 Qd7 15. g4 Bh7 16. f4 Rad8 17. Qe2 Nfd5 18. a4 Nb4 19. f5 Rfe8 20. Qg2 Qe7 21. Ne2 N6d5 22. Nf4 Nxf4 23. exf4 Bc7 24. g5 Bxf5 25. gxh6 g6 26. Rc5 Nd5 27. Nc2 Bb6 28. Rc3 Nxc3 29. bxc3 Qh4 30. Ne3 Qxh3 31. Rf2 Qxg2+ 32. Rxg2 Be6 33. Bxe6 fxe6 34. Rxg6+ Kh8 35. Kf2 Rg8 0-1